[Event "Paulista-chTA"]
[Site "Sao Paulo"]
[Date "2015.03.08"]
[Round "7.3"]
[White "De Lima, Willian Rither de B"]
[Black "Goncalves, Guilherme Martins"]
[Result "1-0"]
[WhiteElo "2024"]
[BlackElo "2023"]
[PlyCount "51"]
[EventDate "2015.02.28"]
[EventType "team-tourn"]
[EventRounds "7"]
[EventCountry "BRA"]
[SourceTitle "EXT 2017"]
[Source "ChessBase"]
[SourceDate "2016.10.25"]
[SourceVersion "1"]
[SourceVersionDate "2016.10.25"]
[SourceQuality "1"]
[WhiteTeam "CXS"]
[BlackTeam "PMFC"]
[WhiteTeamCountry "BRA"]
[BlackTeamCountry "BRA"]

1. e4 c5 2. c3 d5 3. exd5 Nf6 4. Nf3 Nxd5 5. d4 e6 6. Bd3 cxd4 7. cxd4 Bb4+ 8. Bd2 Bxd2+ 9. Qxd2 Nc6 10. 0-0 0-0 11. Nc3 Nce7 12. Ne4 b6 13. Rfe1 Bb7 14. Neg5 Nf6 15. Ne5 Ned5 16. Rac1 h6 17. Ngf3 Qd6 18. a3 Rac8 19. Nc4 Qf4 20. Qd1 Rfd8 21. g3 Qg4 22. Nce5 Qh5 23. Be2 Ng4 24. Nh4 Rxc1 25. Qxc1 f5 26. h3 1-0

[Event "Paulista-chTA"]
[Site "Sao Paulo"]
[Date "2015.03.07"]
[Round "5.3"]
[White "Silva, Vinicius Parente"]
[Black "Goncalves, Guilherme Martins"]
[Result "0-1"]
[WhiteElo "1987"]
[BlackElo "2023"]
[PlyCount "88"]
[EventDate "2015.02.28"]
[EventType "team-tourn"]
[EventRounds "7"]
[EventCountry "BRA"]
[SourceTitle "EXT 2017"]
[Source "ChessBase"]
[SourceDate "2016.10.25"]
[SourceVersion "1"]
[SourceVersionDate "2016.10.25"]
[SourceQuality "1"]
[WhiteTeam "Colegio Albert Sabin"]
[BlackTeam "PMFC"]
[WhiteTeamCountry "BRA"]
[BlackTeamCountry "BRA"]

1. Nf3 Nf6 2. g3 b6 3. Bg2 Bb7 4. 0-0 c5 5. d3 g6 6. e4 d6 7. Nbd2 Bg7 8. Ne1 0-0 9. f4 Nc6 10. f5 d5 11. c3 dxe4 12. dxe4 Ne5 13. Qe2 a5 14. Ndf3 Ba6 15. Qc2 Bxf1 16. Kxf1 Nfg4 17. Bf4 Nc6 18. Rd1 Qc8 19. h3 Nge5 20. Nxe5 Nxe5 21. Nf3 Qa6+ 22. Kf2 Nxf3 23. Bxf3 Rad8 24. e5 Qc8 25. fxg6 hxg6 26. Bg4 e6 27. Rxd8 Qxd8 28. Qe4 Qd5 29. Qe3 Rd8 30. Be2 Qxa2 31. b4 axb4 32. cxb4 Qd5 33. Bg5 Rd7 34. Bf6 Qd4 35. Qxd4 Rxd4 36. Bxg7 Kxg7 37. bxc5 bxc5 38. Ke3 g5 39. Bf3 f6 40. exf6+ Kxf6 41. Be2 Ke5 42. Bg4 Rxg4 43. hxg4 c4 44. Kd2 Ke4 0-1